LEADER 01439nam a2200289 a 4500 001 000000118035 003 CaOOAMICUS 005 20091117164817.0 008 091117s1964 it u000 u ita r 040 $aPUL$bita$dCP 041 1 $aitaeng 100 1 $aRicci, Pier Giorgio,$d1912-1976.$0(OLS)http://pul/name/14977 245 10$aCensimento delle lettere di Lorenzo di Piero de' Medici /$cPier Giorgio Ricci [e] Nicolai Rubinstein. 246 18$aCensimento delle lettere di Lorenzo de' Medici 260 $aFirenze :$bL.S. Olschki,$c1964. 300 $axii, 198 p. ;$c26 cm 500 $aIn testa al front.: Istituto nazionale di studi sul Rinascimento 546 $aTesto dell'introduzione in italiano e inglese 600 14$aMedici, Lorenzo de',$d1449-1492$xLettere$xCensimento.$0(OLS)http://pul/subject/35806 700 1 $aRubinstein, Nicolai,$d1911-2002.$0(OLS)http://pul/name/62124 710 2 $aIstituto nazionale di studi sul Rinascimento.$0(OLS)http://pul/name/4901 850 $aPUL 852 $aPUL$W1$xDP1 Cons. Gen., Altre Classi 1$y22$m242 G 27$j135481$qStampati$B134450$CPULBib$Z2$F134450 $H49827 $82 941 1 $a8 996 $6245$aCensimento delle lettere di Lorenzo di Piero de' Medici$9(OLS)http://pul/title/148574 996 $6246$aCensimento delle lettere di Lorenzo de' Medici$9(OLS)http://pul/title/148575 996 $6260$aFirenze :$bL.S. Olschki$9(OLS)http://pul/publisher/47916 LEADER 01148nam a2200253 u 4500 001 000000084603 003 CaOOAMICUS 005 20070226124109.0 008 050712s1942 it u000 u ita u 035 $a11053101 040 $aPUL(R)$bita 100 1 $aElci, Silvio.$0(OLS)http://pul/name/55730 245 10$aBreve storia della Spagna /$cSilvio Elci. 260 $aRoma :$bMediterranea,$c1942. 300 $a93 p. ;$c18 cm 490 1 $aLe Vie del sapere; biblioteca economica di cultura varia ;$v1 651 4$aSpagna$xStoria.$0(OLS)http://pul/subject/2911 830 3$aLe Vie del sapere; biblioteca economica di cultura varia ;$v1.$0(OLS)http://pul/title/110016 850 $aPUL 852 $aPUL$W1$xDP1 Fondo Cecchetti$y53$m270 M 42$j107573$nBK-PRI$b $qFondi$B107573$CPULBib$Z2$F107573 $HPUL6238 $81 852 $aPUL$W1$xDP1 Fondo Cecchetti$y53$m277 A 39$j107574$nBK-PRI$b $qFondi$B107574$CPULBib$Z2$F107574 $HPUL7304 $81 941 1 $a1 996 $6245$aBreve storia della Spagna$9(OLS)http://pul/title/110015 996 $6260$aRoma :$bMediterranea$9(OLS)http://pul/publisher/76834